| Tag |
First Indicator |
Second Indicator |
Subfields |
| LEADER |
00000cam a2200000 i 4500 |
| 001 |
in00003460721 |
| 005 |
20151206104957.0 |
| 008 |
780920s1974 utuab 00010 eng d |
| 035 |
|
|
|a (OCoLC)ocm04238042
|
| 040 |
|
|
|a GIS
|c GIS
|d m.c.
|d TNY
|d UtOrBLW
|
| 090 |
|
|
|a QE170.C6
|b R54 1974
|
| 100 |
1 |
|
|a Rigby, J. Keith.
|
| 245 |
1 |
0 |
|a Geologic guide to the northwestern Colorado Plateau /
|c J. Keith Rigby, Lehi F. Hintze, and Stanley L. Welsh.
|
| 264 |
|
1 |
|a Provo, Utah :
|b Dept. of Geology, Brigham Young University,
|c 1974.
|
| 300 |
|
|
|a 117 pages :
|b illustrations, maps ;
|c 23 cm.
|
| 336 |
|
|
|a text
|b txt
|2 rdacontent
|
| 337 |
|
|
|a unmediated
|b n
|2 rdamedia
|
| 338 |
|
|
|a volume
|b nc
|2 rdacarrier
|
| 490 |
1 |
|
|a Brigham Young University geology studies ;
|v vol. 21, pt. 2, May 1974
|
| 490 |
1 |
|
|a Studies for students ;
|v no. 9
|
| 504 |
|
|
|a Bibliography: page 117.
|
| 650 |
|
0 |
|a Geology
|z Utah
|z Colorado Plateau.
|
| 700 |
1 |
|
|a Hintze, Lehi F.
|
| 700 |
1 |
|
|a Welsh, Stanley L.
|
| 830 |
|
0 |
|a Brigham Young University geology studies.
|p Studies for students ;
|v no. 9.
|
| 830 |
|
0 |
|a Brigham Young University geology studies ;
|v vol. 21, pt. 2.
|
| 999 |
|
|
|a MARS
|
| 999 |
f |
f |
|s 7a810718-1028-38eb-8086-0e85bf3dc2a2
|i b6a5072a-f12a-31f0-afbc-7fe3134e51c7
|t 0
|
| 952 |
f |
f |
|p ric
|a Texas A&M University
|b Rellis Campus
|c Joint Library Facility
|d Remote Storage
|t 0
|e QE170.C6 R54 1974
|h Library of Congress classification
|i unmediated -- volume
|m 32060006593871
|
| 998 |
f |
f |
|a QE170.C6 R54 1974
|t 0
|l Remote Storage
|